| 000 | 00520nam a2200181 a 4500 | ||
|---|---|---|---|
| 005 | 20140310183550.0 | ||
| 008 | 111013s19uu xx 00 eng d | ||
| 020 | _a9789710445738 | ||
| 050 |
_aQA 76.73 _b.H557 2010 |
||
| 100 | _aHernandez, Alexander | ||
| 245 |
_aIntroduction to MYSQL / _cAlexander Hernandez. |
||
| 260 |
_aIntramuros, Manila : _bMindshapers, _c2010. |
||
| 300 |
_a218 p. : _bill. ; _c25 cm. |
||
| 521 | _aIT | ||
| 650 | _aComputer programming language | ||
| 942 |
_cBK _2lcc _kLOC |
||
| 999 |
_c24942 _d24942 |
||